Key account management : (Record no. 1407)

MARC details
000 -LEADER
fixed length control field 00752nam a22002292 4500
001 - CONTROL NUMBER
control field 0000024163
005 - DATE AND TIME OF LATEST TRANSACTION
control field 20151021151151.0
008 - FIXED-LENGTH DATA ELEMENTS--GENERAL INFORMATION
fixed length control field 130614s xx 000 0 eng d
020 ## - INTERNATIONAL STANDARD BOOK NUMBER
International Standard Book Number 0470974155 :
040 ## - CATALOGING SOURCE
Original cataloging agency KABU
Transcribing agency KABU
100 1# - MAIN ENTRY--PERSONAL NAME
Personal name McDonald, Malcolm.
-- 0000151480
245 10 - TITLE STATEMENT
Title Key account management :
Remainder of title the definitive guide /
Statement of responsibility, etc. Malcolm McDonald and Diana Woodburn.
250 ## - EDITION STATEMENT
Edition statement 3rd ed.
260 ## - PUBLICATION, DISTRIBUTION, ETC. (IMPRINT)
Place of publication, distribution, etc. Chichester, England :
Name of publisher, distributor, etc. J. Wiley,
Date of publication, distribution, etc. 2011.
300 ## - PHYSICAL DESCRIPTION
Extent xx, 476 p.
650 #0 - SUBJECT ADDED ENTRY--TOPICAL TERM
Topical term or geographic name as entry element Selling
General subdivision Key accounts.
-- 0000184120
650 #0 - SUBJECT ADDED ENTRY--TOPICAL TERM
Topical term or geographic name as entry element Marketing
General subdivision Key accounts.
-- 0000184121
700 1# - ADDED ENTRY--PERSONAL NAME
Personal name Woodburn, Diana.
-- 0000184122
852 1# - LOCATION
-- p6180 KES
908 ## - PUT COMMAND PARAMETER (RLIN)
Put command parameter 130614
950 ## - LOCAL HOLDINGS (RLIN)
-- 1
Holdings
Withdrawn status Lost status Source of classification or shelving scheme Not for loan Home library Current library Date acquired Total Checkouts Full call number Barcode Date last seen Price effective from Koha item type
    Library of Congress Classification   Kabarak, Nakuru City Campus Kabarak, Nakuru City Campus 21/10/2015   HF5438.8 .K48M33 2011 c. 1 015551 21/10/2015 21/10/2015 General Collection
Designed with assistance from East African Informatics Ltd